000
00260 a2200121 4500
001
71036
040
_c
Anchieta - Itaigara
100
_a
Nixon, Caroline
240
1
0
_a
kid's box 1
_l
eng
245
1
0
_a
kid's box 1
650
4
_a
Publicações seriadas
942
_c
MX
999
_c
71036
_d
71036